MARC details
| 000 -LEADER |
| campo de control de longitud fija |
01601cam a2200433 i 4500 |
| 001 - NÚMERO DE CONTROL |
| campo de control |
122439 |
| 005 - FECHA Y HORA DE LA ÚLTIMA TRANSACCIÓN |
| campo de control |
20230410115840.0 |
| 008 - DATOS DE LONGITUD FIJA--INFORMACIÓN GENERAL |
| campo de control de longitud fija |
140120s2013 ag b 000 0 spa d |
| 035 ## - NÚMERO DE CONTROL DEL SISTEMA |
| Número de control de sistema |
18669749 |
| 010 ## - NÚMERO DE CONTROL DE LA BIBLIOTECA DEL CONGRESO |
| Número de control de LC |
2014512068 |
| 020 ## - NÚMERO INTERNACIONAL ESTÁNDAR DEL LIBRO |
| Número Internacional Estándar del Libro |
9789876293266 |
| 035 ## - NÚMERO DE CONTROL DEL SISTEMA |
| Número de control de sistema |
(AR-BaFGC)0-104313/45 |
| 040 ## - FUENTE DE CATALOGACIÓN |
| Centro catalogador/agencia de origen |
AR-BaFGC |
| Lengua de catalogación |
eng |
| Centro/agencia transcriptor |
AR-BaFGC |
| Normas de descripción |
rda |
| Centro/agencia modificador |
DLC |
| 042 ## - CÓDIGO DE AUTENTICACIÓN |
| Código de autenticación |
lccopycat |
| 043 ## - CÓDIGO DE ÁREA GEOGRÁFICA |
| Código de área geográfica |
s-ag--- |
| 050 14 - SIGNATURA TOPOGRÁFICA DE LA BIBLIOTECA DEL CONGRESO |
| Número de clasificación |
HN 270 |
| Número de ítem |
C167p 2013 |
| 082 00 - NÚMERO DE LA CLASIFICACIÓN DECIMAL DEWEY |
| Número de clasificación |
356.15 |
| 100 1# - ENTRADA PRINCIPAL--NOMBRE DE PERSONA |
| Nombre de persona |
Calveiro, Pilar. |
| 245 10 - MENCIÓN DEL TÍTULO |
| Título |
Política y/o violencia : |
| Resto del título |
una aproximación a la guerrilla de los años setenta / |
| Mención de responsabilidad, etc. |
Pilar Calveiro. |
| 250 ## - MENCION DE EDICION |
| Mención de edición |
[Nueva edición ampliada] |
| 260 ## - PUBLICACIÓN, DISTRIBUCIÓN, ETC. |
| Lugar de publicación, distribución, etc. |
Buenos Aires, Argentina : |
| Nombre del editor, distribuidor, etc. |
Siglo Veintiuno Editores, |
| Fecha de publicación, distribución, etc. |
[2013] |
| 300 ## - DESCRIPCIÓN FÍSICA |
| Extensión |
158 p. ; |
| Dimensiones |
21 cm |
| 490 0# - MENCIÓN DE SERIE |
| Mención de serie |
Sociología y política |
| 504 ## - NOTA DE BIBLIOGRAFÍA, ETC. |
| Nota de bibliografía, etc. |
Includes bibliographical references. |
| 500 ## - NOTA GENERAL |
| Nota general |
Previosly published: Buenos Aires, Norma, 2005. With a new afterword by the author. |
| 650 #0 - PUNTO DE ACCESO ADICIONAL DE MATERIA--TÉRMINO DE MATERIA |
| Término de materia o nombre geográfico como elemento de entrada |
Political violence |
| Subdivisión geográfica |
Argentina |
| Subdivisión general |
History |
| Subdivisión cronológica |
20th century. |
| 651 #0 - PUNTO DE ACCESO ADICIONAL DE MATERIA--NOMBRE GEOGRÁFICO |
| Nombre geográfico |
Argentina |
| Subdivisión general |
Politics and government |
| Subdivisión cronológica |
1955-1983. |
| 650 #0 - PUNTO DE ACCESO ADICIONAL DE MATERIA--TÉRMINO DE MATERIA |
| Término de materia o nombre geográfico como elemento de entrada |
Guerrillas in literature |
| Subdivisión geográfica |
Argentina |
| Subdivisión general |
History |
| Subdivisión cronológica |
20th century. |
| 650 #4 - PUNTO DE ACCESO ADICIONAL DE MATERIA--TÉRMINO DE MATERIA |
| Término de materia o nombre geográfico como elemento de entrada |
Guerrillas |
| Subdivisión de forma |
Ensayos, conferencias, etc. |
| 650 #4 - PUNTO DE ACCESO ADICIONAL DE MATERIA--TÉRMINO DE MATERIA |
| Término de materia o nombre geográfico como elemento de entrada |
Disciplina militar |
| Subdivisión de forma |
Ensayos, conferencias, etc. |
| 650 #4 - PUNTO DE ACCESO ADICIONAL DE MATERIA--TÉRMINO DE MATERIA |
| Término de materia o nombre geográfico como elemento de entrada |
Grupos subversivos |
| Subdivisión de forma |
Ensayos, conferencias, etc. |
| 650 #4 - PUNTO DE ACCESO ADICIONAL DE MATERIA--TÉRMINO DE MATERIA |
| Término de materia o nombre geográfico como elemento de entrada |
Violencia |
| Subdivisión de forma |
Ensayos, conferencias, etc. |
| 856 41 - LOCALIZACIÓN Y ACCESO ELECTRÓNICOS |
| Identificador Uniforme de Recursos |
<a href="http://core.cambeiro.com.ar/0-104313-45.pdf">http://core.cambeiro.com.ar/0-104313-45.pdf</a> |
| 925 0# - |
| -- |
acquire |
| -- |
1 shelf copy |
| -- |
policy default |
| 942 ## - ELEMENTOS DE ENTRADA SECUNDARIOS (KOHA) |
| Fuente del sistema de clasificación o colocación |
Clasificación de Library of Congress |
| Tipo de ítem Koha |
|
| 923 ## - |
| -- |
20150529 |
| -- |
8026 |
| -- |
AR-BaFGC |
| 985 ## - |
| -- |
GC-FY15 |
| 946 ## - PROCESAMIENTO DE INFORMACIÓN LOCAL (OCLC) |
| a |
JaaM |